Word Ladder: The Race Is On Quiz Stats

 Plays Quiz Updated Jun 30, 2018

Score 0/33 Timer 04:00
2 Plays Today
Hint 4-Letter Word % Correct
Woody and Buzz’s ownerANDY
93.8%
“___ _ partridge in a pear tree.”AND A
93.8%
BlazeFIRE
92.5%
Golfer’s shoutFORE
91.5%
Number of Jacksons or Dionnes🏎FIVE🏎
91.4%
Owl soundHOOT
91.2%
Lasso materialROPE
90.7%
Blaze residueSOOT
88.1%
MailedSENT
87.2%
Knox or Sumter, e.g.FORT
87.2%
ChairSEAT
87%
HelperAIDE
85.8%
Where fabric meetsSEAM
85.6%
Whip-wielding archaeologist Jones🏎INDY🏎
84.4%
Opera set in EgyptAIDA
84%
Sound of the starting gunSHOT
82.6%
Ready to eatRIPE
81%
Hint 4-Letter Word % Correct
Get on someone’s caseRIDE
77.6%
Grapefruit peelRIND
75.8%
LiftRISE
71.2%
Symbol of Lancaster or York🏆ROSE🏆
71.1%
Tear apartREND
68.9%
Tear apartRIVE
66.7%
Comedian ____ Foxx🏎REDD🏎
61.3%
Third place, in racingSHOW
59.2%
FakeSHAM
58%
Female deerHIND
54.6%
German for “dog”🏎HUND🏎
53.6%
“Major Barbara” playwright🏆SHAW🏆
51.9%
StalkHUNT
49%
“Ubi ____?” (Lat: where are they?)SUNT
48.1%
Four-time race winner🏆FOYT🏆
29.7%
“True Blood” nice guy FortenberryHOYT
29.4%

Today's Daily Dose

Missing Word
Video Games (A-Z)

Get the Picture
Tom Hanks

You're not logged in!

Compare scores with friends on all Sporcle quizzes.
OR
Log In

Sporcle TV

Today on Sporcle TV


Watch our educational content, quiz creation guides, and fun videos on Sporcle TV.

Show Comments

Extras

Top Quizzes Today


Score Distribution

Your Account Isn't Verified!

In order to create a playlist on Sporcle, you need to verify the email address you used during registration. Go to your Sporcle Settings to finish the process.

Report this User

Report this user for behavior that violates our Community Guidelines.

Details: